{"text_format":"3","workbook":"xls","n_sheets":1,"sheets":["开发区分院"],"read":"whole","date_system":"1900","formulas":"cached_only"}

{"sheet":"开发区分院","index":0,"n_rows":25,"n_cols":8,"rows_kept":25,"flags":["formulas_cached_only"]}
["序号","申购科室","设备名称","数量","单位","单价\n（万元）","总额\n（万元）","设备功能需求"]
[1,"生殖中心","IVF 工作站（单人）系统",4,"台",35,140,"温度±0.1度，有二氧化碳提供，可短暂培养"]
[2,"生殖中心","IVF 工作站（单人）系统-体视显镜",4,"台",8,32,"用于捡卵用，要求视矩高，视野清晰"]
[3,"生殖中心","倒置显微镜（有霍夫曼，DIC ，相差）",2,"台",85,170,"用于单精子注射、胚胎观察，可扩充，光学性能优秀"]
[4,"生殖中心","显微操作系统",2,"台",95,190,"用于单精子注射，控制精准，电动控制"]
[5,"生殖中心","激光破膜仪",2,"台",49,98,"用于解冻后透明带打孔，削薄"]
[6,"生殖中心","压电破膜仪",1,"台",28,28,"主要用于特殊别人的单精子注射，细胞活检等"]
[7,"生殖中心","超净工作台（定制）",2,"台",52,104,"用于配液，普通的无菌操作"]
[8,"生殖中心","IVF 工作站（双人）系统",1,"台",38,38,"用于ICSI等，要有防震系统"]
[9,"生殖中心","IVF 工作站（双人）系统-体视显镜",1,"台",7,7,"用于细胞操，要求视矩高，视野清晰"]
[10,"生殖中心","桌面培养箱（三气）",3,"台",39,117,"胚胎培养，要求控制精准，温度±0.1度，二氧化碳±0.1"]
[11,"生殖中心","桌面培养箱（三气）",1,"台",42,42,"胚胎培养，要求控制精准，温度±0.1度，二氧化碳±0.1"]
[12,"生殖中心","培养箱（三气）180L",2,"台",9,18,"试剂平衡，胚胎培养，要求控制精准，温度±0.1度，二氧化碳±0.1"]
[13,"生殖中心","培养箱（三气）50-60L",8,"台",10,80,"胚胎培养，要求控制精准，温度±0.1度，二氧化碳±0.1"]
[14,"生殖中心","超净工作台（订做）体视镜、热台",2,"台",35,70,"胚胎冷冻、解冻"]
[15,"生殖中心","超净工作台（订做）体视镜、热台",2,"台",35,70,"胚胎冷冻、解冻"]
[16,"生殖中心","超净工作台（单人）",2,"台",1.8,3.6,"精子处理"]
[17,"生殖中心","自动配液系统",2,"台",36,36,"配液，自动制皿"]
[18,"生殖中心","台式离心机",4,"台",6,24,"精子处理"]
[19,"生殖中心","超纯水系统",1,"台",2.5,5,"试剂配制用水"]
[20,"生殖中心","全自动倒置活细胞培养及显微操作系统",1,"台",180,180,"胚胎观察，特殊病例处理"]
[21,"生殖中心","体式显微镜及成像系统",2,"台",20,40,"卵、胚胎操作"]
[22,"生殖中心","VOC 检测仪",1,"台",4,4,"环境检测"]
[23,"生殖中心","正置相差显微镜及成像系统",2,"台",8,16,"精子处理"]
[24,"生殖中心","倒置荧光显微镜及成像系统",1,"台",26,26,"细胞观察"]